| 000 | 00990cad a22002175a 4500 | ||
|---|---|---|---|
| 001 | E152747 | ||
| 008 | 110419s2010 xxk f 000 0 eng d | ||
| 035 | _a(Sirsi) u152747 | ||
| 041 | 0 | _aeng | |
| 110 | 2 |
_aMcGrigors _95941 |
|
| 245 | 0 | 0 |
_aProperty litigation mini guide _bproperty, insolvency and commercial tenants _h[electronic resource] |
| 260 |
_a[Scotland] _bMcGrigors _c2010 |
||
| 490 | 0 |
_aMcGrigors Property Litigation Mini Guide _v(11) November 2010 |
|
| 520 | _aLooks at issues that can arise in relation to insolvency of commercial tenants, and suggests possible solutions. Topics covered include hypothec, irritancy, adoption of the lease, and rent. | ||
| 590 | _aKA | ||
| 651 | 4 |
_aScotland _y1999- |
|
| 690 | _aMANAGEMENT-CORPORATE RECOVERY | ||
| 690 | _aPROPERTY-COMMERCIAL PROPERTY-LEASEHOLD COMMERCIAL PROPERTY | ||
| 856 | 4 | 0 |
_uhttps://www.mcgrigors.com/pdfdocs/Property-Litigation-mini-guide11.pdf _zView the mini guide free of charge at www.mcgrigors.com |
| 942 | _n0 | ||
| 999 |
_c112195 _d112195 |
||